| 000 | 00521nam a2200181Ia 4500 | ||
|---|---|---|---|
| 001 | 21380 | ||
| 005 | 20260306172915.0 | ||
| 008 | 260306t2022||||xx |||||||||||||| ||spa|| | ||
| 041 | _aESP | ||
| 082 |
_a344.8 _bS21 |
||
| 100 |
_aSanz Díaz-Palacios, José Alberto _eAUT |
||
| 245 | 0 | _aEl régimen de regularización tributaria espontánea y la "excusa absolutoria" en supuestos de delito fiscal | |
| 260 | _c2022 | ||
| 300 |
_a184 páginas : _c24 cm. |
||
| 650 | _aGEN | ||
| 654 | _aCDE | ||
| 942 |
_cLIB _dJUS _fJUS _2ddc _n |
||
| 999 |
_c21380 _d21380 |
||